00618 2200229 4500001002100000005001700021008004100038020002200079035002400101082001200125090002400137100002100161245006000182250001100242260003500253300002500288504001700313650001000330850001200340990001900352990001700371YOGYA-0611000000069120110616133045.0 ind  a978-602-8174-51-0 0010-061100000000691 a959.823 a959.823bBas WlSEL aBASKORO, Haryadi aWasiat HB IXbYogyakarta kota RepublikcHaryadi Baskoro aCet. 1 aYogyakartabGalang Pressc2011 a244 hlmbilusc23 cm ahlm. 237-241 ahadis aYOPDYOG a674- Sel/ B.11 a673-Sel/B.11